Sewage Disposal and Air Pollution Engineering (Record no. 5244)

MARC details
000 -LEADER
fixed length control field 00385nam a22001577a 4500
005 - DATE AND TIME OF LATEST TRANSACTION
control field 20160916095927.0
008 - FIXED-LENGTH DATA ELEMENTS--GENERAL INFORMATION
fixed length control field 160916b xxu||||| |||| 00| 0 eng d
020 ## - INTERNATIONAL STANDARD BOOK NUMBER
ISBN 978-81-7400-230-4
041 ## - LANGUAGE CODE
Language code of text/sound track or separate title eng
100 ## - MAIN ENTRY--AUTHOR NAME
Personal name Garg,S.K
245 ## - TITLE STATEMENT
Title Sewage Disposal and Air Pollution Engineering
260 ## - PUBLICATION, DISTRIBUTION, ETC. (IMPRINT)
Name of publisher Khanna
Year of publication 2016
300 ## - PHYSICAL DESCRIPTION
Number of Pages 1073
650 ## - SUBJECT ADDED ENTRY--TOPICAL TERM
Topical Term Engineering
942 ## - ADDED ENTRY ELEMENTS (KOHA)
Koha item type Books
Holdings
Lost status Damaged status Collection code Home library Current library Shelving location Date acquired Source of acquisition Cost, normal purchase price Accession Number Koha item type
    Reference JRU Library   SHELF-72-A 16/09/2016 PURCHASE 515.00 21225 Books
      JRU Library   SHELF-44-E 16/09/2016 PURCHASE 515.00 21226 Books
      JRU Library   SHELF-44-E 16/09/2016 PURCHASE 515.00 21227 Books
      JRU Library   SHELF-44-E 16/09/2016 PURCHASE 515.00 21228 Books
      JRU Library   SHELF-44-E 30/04/2017 PURCHASE 515.00 21550 Books
      JRU Library   SHELF-44-E 30/04/2017 PURCHASE 515.00 21551 Books